The outline development plan for the Bangalore metropolitan region. (Record no. 76115)

MARC details
000 -LEADER
fixed length control field 00765cam a22002171 4500
001 - CONTROL NUMBER
control field sa 67006705
003 - CONTROL NUMBER IDENTIFIER
control field DLC
005 - DATE AND TIME OF LATEST TRANSACTION
control field 20260227112409.0
008 - FIXED-LENGTH DATA ELEMENTS--GENERAL INFORMATION
fixed length control field 841030s1963 ii b f000 0 eng
010 ## - LIBRARY OF CONGRESS CONTROL NUMBER
LC control number sa 67006705
025 ## - OVERSEAS ACQUISITION NUMBER
Overseas acquisition number PL480:I-E-8249
035 ## - SYSTEM CONTROL NUMBER
System control number (OCoLC)11329015
040 ## - CATALOGING SOURCE
Original cataloging agency DLC
Transcribing agency WU
Modifying agency DLC
050 00 - LIBRARY OF CONGRESS CALL NUMBER
Classification number HT169.I52
Item number B3
110 1# - MAIN ENTRY--CORPORATE NAME
Corporate name or jurisdiction name as entry element Mysore (India : State).
Subordinate unit Bangalore Metropolitan Planning Board.
245 14 - TITLE STATEMENT
Title The outline development plan for the Bangalore metropolitan region.
260 ## - PUBLICATION, DISTRIBUTION, ETC.
Place of publication, distribution, etc. Bangalore,
Name of publisher, distributor, etc. Printed by the Director of Print., Stationery and Publications at the Govt. Press,
Date of publication, distribution, etc. 1963.
300 ## - PHYSICAL DESCRIPTION
Extent x, 128 p.
Other physical details fold. maps (part col.)
Dimensions 23 cm.
500 ## - GENERAL NOTE
General note Cover title.
650 #0 - SUBJECT ADDED ENTRY--TOPICAL TERM
Topical term or geographic name entry element City planning
Geographic subdivision India
-- Bangalore Metropolitan Area.

No items available.

Powered by Koha